Uplatňovaní normativů vlastních nákladů při sestavování finančního plánu zemědělských podniků

Bibliographic Details
Main Author: Burian, Jan, 1930- (Author)
Format: Article
Language:Czech
Subjects:

MARC

LEADER 00000nab a2200000 a 4500
001 vtls000173278
003 SK-MaSNL
005 20260302202855.0
008 111104c1983 xo 0 cze
015 |a SNBRB19rr/mm-uuuuu 
035 |a CL0183390 
040 |a SNKBUCL  |b slo  |c SNKBUCL  |e AACR2 
041 0 |a cze 
044 |a xo  |c SK 
080 |a 631.162:631.153  |2 1981 
080 |a 631.153  |2 1981 
080 |a 338.51  |2 1981 
080 |a 006.02  |2 1981 
100 1 |a Burian, Jan,  |d 1930-  |4 aut  |9 112499 
245 1 0 |a Uplatňovaní normativů vlastních nákladů při sestavování finančního plánu zemědělských podniků  |c Jan Burian 
650 0 7 |a poľnohospodárske podniky  |2 snkbucl  |9 4194 
650 0 7 |a náklady vlastné  |2 snkbucl  |9 902378 
650 0 7 |a plány finančné  |2 snkbucl  |9 894383 
655 7 |a články z novín a časopisov  |2 snkbucl  |9 267496 
773 0 |t Racio  |g Č. 4 (1983), s. 33-47 
850 |a Slovenská národná knižnica v Martine  |a MTA001 
852 |a SNK  |b KIS3GCP 
958 |a RK 
992 |a RBX 
999 |c 1466813  |d 1468743